Statystyki dla Miasta w Grecji powyżej 100k mieszkańców

Kliknij tutaj aby rozwiązać quiz!

Ogólne statystyki

  • Ten quiz został rozwiązany 71 razy
  • Średni wynik to 4 z 7

Statystyki odpowiedzi

LudnośćOdpowiedź% Poprawnych
664kAteny
100%
354kSaloniki
95%
163kPireus
47%
137kHeraklion
42%
168kPatras
32%
144kLarisa
29%
139kPeristeri
7%

Rozkład punktacji

Percentyl według liczby udzielonych odpowiedzi

Procent ludzi z każdym wynikiem

Twoja historia wyników

Nie rozwiązałeś tego quizu